Statistics for Japanese Prefectures & Capitals

Click here to take the quiz!

General Stats

  • This quiz has been taken 74 times
    (73 since last reset)
  • The average score is 81 of 94

Answer Stats

Answer% Correct
2Aomori
100%
TohokuAomori
100%
12Tokyo
100%
KantoTokyo
100%
7Fukushima
97%
TohokuFukushima
97%
1Hokkaido
97%
KantoChiba
94%
13Chiba
94%
40Fukuoka
94%
KyushuFukuoka
94%
33Okayama
94%
ChugokuOkayama
94%
11Saitama
94%
KantoSaitama
94%
5Akita
91%
TohokuAkita
91%
21Gifu
91%
ChubuGifu
91%
34Hiroshima
91%
ChugokuHiroshima
91%
3Iwate
91%
KansaiKyoto
91%
28Kyoto
91%
KansaiNara
91%
26Nara
91%
ChubuNiigata
91%
15Niigata
91%
47Okinawa
91%
KansaiOsaka
91%
29Osaka
91%
KyushuSaga
91%
41Saga
91%
TohokuSapporo
91%
23Aichi
88%
ChubuFukui
88%
18Fukui
88%
8Ibaraki
88%
46Kagoshima
88%
KyushuKagoshima
88%
39Kochi
88%
ShikokuKochi
88%
KyushuKumamoto
88%
43Kumamoto
88%
24Mie
88%
4Miyagi
88%
ChubuNagoya
88%
44Oita
88%
KyushuOita
88%
TohokuSendai
88%
ChugokuTottori
88%
31Tottori
88%
TohokuYamagata
88%
6Yamagata
88%
38Ehime
84%
10Gunma
84%
30Hyogo
84%
KansaiKobe
84%
ChubuNagano
84%
20Nagano
84%
42Nagasaki
84%
KyushuNagasaki
84%
27Shiga
84%
32Shimane
84%
22Shizuoka
84%
ChubuShizuoka
84%
9Tochigi
84%
36Tokushima
84%
ShikokuTokushima
84%
25Wakayama
84%
KansaiWakayama
84%
KantoYokohama
84%
37Kagawa
81%
14Kanagawa
81%
45Miyazaki
81%
KyushuMiyazaki
81%
16Toyama
81%
ChubuToyama
81%
ChugokuYamaguchi
81%
35Yamaguchi
81%
19Yamanashi
81%
17Ishikawa
78%
KyushuNaha
78%
KantoMito
72%
TohokuMorioka
72%
KansaiTsu
72%
ChubuKanazawa
69%
ShikokuMatsuyama
69%
KansaiOtsu
69%
ChubuKofu
66%
KantoMaebashi
66%
ChugokuMatsue
66%
ShikokuTakamatsu
63%
KantoUtsunomiya
63%

Score Distribution

Percentile by Number Answered

Percent of People with Each Score

Your Score History

You have not taken this quiz since the last reset